| 000 | 01375cab a22002175a 4500 | ||
|---|---|---|---|
| 001 | L154516 | ||
| 008 | 111220e2011 xxk 000 0 eng d | ||
| 035 | _a(Sirsi) u154516 | ||
| 041 | 0 | _aeng | |
| 100 | 1 | _aHatcher, David | |
| 245 | 0 | 0 |
_aMarkets _bleisure |
| 260 | _c2011 | ||
| 490 | 0 |
_aProperty Week _v16 December 2011, 43-50(4) |
|
| 520 | _aX-leisure Unit Trust is to raise £200m of equity early next year to buy out unit-holders Area, and Capital & Regional. Drake & Morgan plan to open two new bars in high-profile schemes in London in 2012. The reasons why MCC have scrapped Almacantar's plans to develop four residential towers overlooking Lord's cricket ground. LandSecs wants to buy more leisure schemes after its August sectoral debut in the sector. Savill's 2011 Leisure Investment Review shows market due to transact at a higher volume than any year since 2007. Curzon Cinemas wants to expand outside London over the next five years. Steakhouses and premium burger outlets continue to proliferate nationally."Artisan" coffee shops expand in London to compete with chains. | ||
| 590 | _aKA | ||
| 651 | 4 |
_aUnited Kingdom _y |
|
| 690 | _aPROPERTY-COMMERCIAL PROPERTY-COMMERCIAL PROPERTY FINANCE AND INVESTMENT | ||
| 690 | _aPROPERTY-COMMERCIAL PROPERTY-LEISURE PROPERTY | ||
| 690 | _aPROPERTY-COMMERCIAL PROPERTY-COMMERCIAL PROPERTY MARKET | ||
| 942 | _n0 | ||
| 999 |
_c83646 _d83646 |
||